[Event "Rhein Main op-B 25th"]
[Site "Bad Homburg"]
[Date "2023.06.08"]
[Round "3"]
[White "Shanmuganathan, Adhav"]
[Black "Yang, Yunle Kem"]
[Result "1/2-1/2"]
[WhiteElo "1088"]
[BlackElo "862"]
[PlyCount "55"]
[EventDate "2023.06.07"]
[EventType "swiss"]
[EventRounds "7"]
[EventCountry "GER"]
[SourceTitle "CBM 215 Extra"]
[Source "ChessBase"]
[SourceDate "2023.09.30"]
[SourceVersion "1"]
[SourceVersionDate "2023.09.30"]
[SourceQuality "1"]

1. e4 e5 2. Nf3 Nc6 3. Bc4 Bc5 4. c3 Nf6 5. d4 exd4 6. cxd4 Bb4+ 7. Bd2 0-0 8. Bxb4 Nxb4 9. e5 Re8 10. 0-0 Ng4 11. Qb3 Qe7 12. Ng5 Nh6 13. Nxf7 Nxf7 14. Bxf7+ Qxf7 15. Qxb4 b6 16. Nd2 Bb7 17. Qb3 Bd5 18. Qc3 Rec8 19. Rfe1 Qg6 20. Qg3 Qe6 21. Re3 Re8 22. Rae1 Re7 23. Ne4 Bxe4 24. Rxe4 Qxa2 25. Qf3 Qe6 26. Rg4 c6 27. Rd1 d5 28. Rc1 1/2-1/2